Movie Pictures Starting with S - Statistics

General Stats
  • This quiz has been taken 107 times
  • The average score is 24 of 52
Answer Stats
Picture Answer % Correct
Spiderman
97%
Scream
91%
Star Wars
90%
Sonic
87%
Scooby Doo
83%
The Shining
79%
Saving Private Ryan
78%
The Silence of the Lambs
78%
Singing in the Rain
77%
Sherlock Holmes
74%
Spy
72%
Suicide Squad
70%
Space Jam
67%
Speed
67%
Seven
63%
Sister Act
63%
The Sixth Sense
60%
Salt
56%
The Santa Clause
56%
The Sound of Music
56%
Saturday Night Fever
55%
Step Brothers
55%
The Shawshank Redemption
53%
Smile
52%
Superbad
52%
Sweeney Todd
52%
Scary Movie
49%
Shaun of the Dead
49%
Shutter Island
49%
Skyfall
44%
Sinners
38%
Saltburn
37%
She's the Man
35%
Smokey and the Bandit
34%
Some Like It Hot
34%
Split
33%
The Substance
29%
Straight Outta Compton
22%
The Sting
21%
Step Up
20%
Shang Chi and the Legend of the Ten Rings
14%
Spree
13%
St Trinians
13%
The Sorcerers Apprentice
12%
Set It Up
9%
Sudden Impact
9%
The School for Good and Evil
9%
The Spy Who Dumped Me
9%
Subservience
7%
Superhero Movie
7%
Sleuth
6%
Sidelined The QB and Me
3%
No matching quizzes found
Score Distribution
Percent of People with Each Score
Percentile by Number Answered
Your Score History
You have not taken this quiz